Estimation of astrometric and geodetic parameters. [Methods of experimental physics, vol. 12, Part C] (Record no. 99111)

MARC details
000 -LEADER
fixed length control field 00604cam a2200205 4500
001 - CONTROL NUMBER
control field D11487
008 - FIXED-LENGTH DATA ELEMENTS--GENERAL INFORMATION
fixed length control field 090401t1976 xxu||||| |||| 00| 0 eng d
035 ## - SYSTEM CONTROL NUMBER
System control number (Sirsi) u98177
041 ## - LANGUAGE CODE
Language code of text/sound track or separate title eng
050 ## - LIBRARY OF CONGRESS CALL NUMBER
Classification number 526.3
100 ## - MAIN ENTRY--PERSONAL NAME
Personal name Shapiro, Irwin I
245 ## - TITLE STATEMENT
Title Estimation of astrometric and geodetic parameters. [Methods of experimental physics, vol. 12, Part C]
260 ## - PUBLICATION, DISTRIBUTION, ETC.
Name of publisher, distributor, etc. Academic Press
Date of publication, distribution, etc. 1976
300 ## - PHYSICAL DESCRIPTION
Extent p261-276
350 ## - PRICE (NR) (BK AM CF MU VM SE) [OBSOLETE]
Price 0
520 ## - SUMMARY, ETC.
Summary, etc. In RICS Land surveyors information package 5: Very Long Baseline Interferometry
700 ## - ADDED ENTRY--PERSONAL NAME
Personal name Meeks, M.L (ed)
942 ## - ADDED ENTRY ELEMENTS (KOHA)
Suppress in OPAC 0
948 ## - LOCAL PROCESSING INFORMATION (OCLC); SERIES PART DESIGNATOR (RLIN)
c (OCLC) 04/03/1997
Holdings
Withdrawn status Lost status Source of classification or shelving scheme Damaged status Not for loan Home library Current library Shelving location Date acquired Total Checkouts Full call number Barcode Date last seen Copy number Price effective from Koha item type
    Other/Generic Classification Scheme     London London Basement 29/08/2002   SHELF 327 98177-1001 06/08/2019 1 06/08/2019 Book